[Event "Zweibruecken PSB-ch HT1 82nd"]
[Site "Zweibruecken"]
[Date "2013.03.24"]
[Round "4"]
[White "Wolf, Harald"]
[Black "Dannat, Michael"]
[Result "1/2-1/2"]
[WhiteElo "1600"]
[BlackElo "1527"]
[PlyCount "49"]
[EventDate "2013.??.??"]
[EventType "swiss"]
[EventRounds "7"]
[EventCountry "GER"]
[SourceTitle "EXT 2014"]
[Source "ChessBase"]
[SourceDate "2013.11.20"]
[SourceVersion "1"]
[SourceVersionDate "2013.11.20"]
[SourceQuality "1"]

1. Nf3 g6 2. d4 Nf6 3. c4 Bg7 4. Nc3 0-0 5. e3 d6 6. Be2 b6 7. 0-0 Bb7 8. Qc2 Nbd7 9. b3 e5 10. dxe5 Nxe5 11. Nxe5 dxe5 12. Bb2 Qe7 13. Rad1 Rfd8 14. Rxd8+ Rxd8 15. Rd1 Rxd1+ 16. Qxd1 c5 17. Bf3 e4 18. Be2 Ne8 19. Qd2 Nd6 20. Ba3 Qf6 21. Bb2 Qe6 22. Na4 Bc6 23. Bxg7 Kxg7 24. Nc3 Qe5 25. Qb2 1/2-1/2